000 00342cam a2200145ua 4500
001 4604
008 191011n II |||gr||||Z||||||asm
040 _aMAIN
041 _aEnglish
082 _a500 BOR
100 _aBORMUDOI , MANESWAR.
245 _aBHARATIYA BIGYANAR SAMU PARICHAI
653 _aNatural sciences & mathematics
942 _cBK
999 _c4591
_d4591